1526 1477 1489 1653 1258 1759 1172 1306 1722 1922 1189 1577 1542 1259 1898 1526 1253 1232 1480 1301 1160 1593 1398 1764 1612 1373 1156 1672 1787 1781 1778 1108 1309 1774 1227 1528 1134 1721 1020 1652 1169 1433 1975 1024 1037 1446 1111 1847 1897 1211 1696 1511 1861 1363 1716 1514 1040 1211 1052 1777 1041 1905 1778 1575 1372 1797 1525 1899 1539 1266 1277 1139 1727 1332 1587 1869 1331 1782 1525 1784 1141 1967 1889 1052 1126 1681 1098 1721 1169 1605 1161 1384 1246 1602 1521 1670 1967 1330 1501 BCNSPRNW ULIB Ver.6.0+V

เปลี่ยนเป็นภาษาไทย

Change to English
 แสดงรายละเอียดบรรณานุกรม
  กลับหน้าหลัก

Brief Record : Get Marc (ISO 2709) : E-mail record : QR code < ปิดหน้าต่าง
LEADER : 00000nam 2200000uu 4500
001    13399110094
003     ULIB
008    110421s2551||||th 000 0 tha d
020    9789741033065
060 04 WI700^bอ911ก 2551
100 0  เอมอร ไม้เรียง
245 10 การตรวจวินิจฉัยทางรังสีและรังสีร่วมรักษาของโรคตับทางเดินน้ำดีและตับอ่อน /^cเอมอร ไม้เรียง
250    พิมพ์ครั้งที่ 1
260    ขอนแก่น :^bภาควิชารังสีวิทยา คณะแพทยศาสตร์มหาวิทยาลัยขอนแก่น,^c2551
300    128 หน้า :^bภาพประกอบ ;^c30 ซม.
650  2 ตับ, โรค^xการวินิจฉัยและรักษา
650  7 ตับ^xโรค^xการวินิจฉัยและรักษา
650  7 ทางเดินน้ำดี, โรค^xการรักษาด้วยรังสี
650  7 ระบบประสาท, โรค^xการรักษา
650  7 ทางเดินน้ำดี^xโรค^xการรักษาด้วยรังสี
650  7 ตับอ่อน^xการรักษาด้วยรังสี
710 2  มหาวิทยาลัยขอนแก่น. ^bคณะแพทยศาสตร์. ^bภาควิชารังสีวิทยา
945    ^p400^l0^i026292
945    ^p400^l0^i026291
945    ^p400^l0^i026290
945    ^p400^l0^i025694
945    ^p400^l0^i025693
945    ^p400^l0^i025692
945    ^p400^l0^i026289
995    ทศพร
999 ^a ใช้งานได้ทุกระบบ
รายการนี้ยังไม่มีแท็ก
คุณยังไม่ได้ล็อกอิน คุณสามารถมีกิจกรรมร่วมกับเว็บไซต์ได้ แต่ต้องล็อกอินก่อน ::
  ล็อกอิน

รายการสื่อสารสนเทศ

ลำดับที่ ประเภท เลขเรียก/บาร์โค้ด สถานที่ สถานะ
- ไม่พบข้อมูล -

รายการใกล้เคียง
    ผู้แต่ง [เอมอร ไม้เรียง]

BibComment


ยังไม่เคยถูกคอมเมนท์

คอมเมนท์ทรัพยากรรายการนี้
  คอมเมนท์: การตรวจวินิจฉัยทา..


 Copyright 2026. Bcnsprnw @Library